Finance and Development (Record no. 5611)

MARC details
000 -LEADER
fixed length control field 00932nas a22002657i 4500
001 - CONTROL NUMBER
control field 5901
003 - CONTROL NUMBER IDENTIFIER
control field OSt
005 - DATE AND TIME OF LATEST TRANSACTION
control field 20170817102959.0
007 - PHYSICAL DESCRIPTION FIXED FIELD--GENERAL INFORMATION
fixed length control field tu
008 - FIXED-LENGTH DATA ELEMENTS--GENERAL INFORMATION
fixed length control field 161220c20109999xxu||||| |||| 00| 0 d
022 ## - INTERNATIONAL STANDARD SERIAL NUMBER
International Standard Serial Number 0015-1947
024 7# - OTHER STANDARD IDENTIFIER
Standard number or code 5901
Source of number or code RID
024 7# - OTHER STANDARD IDENTIFIER
Standard number or code 5901
Source of number or code RSN (alt)
040 ## - CATALOGING SOURCE
Transcribing agency OSt
041 ## - LANGUAGE CODE
Language code of text/sound track or separate title eng
245 00 - TITLE STATEMENT
Title Finance and Development
260 ## - PUBLICATION, DISTRIBUTION, ETC.
Place of publication, distribution, etc. Washington :
Name of publisher, distributor, etc. International Monetary Fund (IMF),
Date of publication, distribution, etc. 2010.
710 2# - ADDED ENTRY--CORPORATE NAME
Corporate name or jurisdiction name as entry element International Monetary Fund (IMF)
856 ## - ELECTRONIC LOCATION AND ACCESS
Uniform Resource Identifier <a href="http://www.imf.org/external/pubs/ft/fandd/2017/06/index.htm">http://www.imf.org/external/pubs/ft/fandd/2017/06/index.htm</a>
866 #0 - TEXTUAL HOLDINGS--BASIC BIBLIOGRAPHIC UNIT
-- <br><br>voreriger und laufender Jahrgang<br><br><br>fehlen:<br>2009/oct<br>2009/nov
866 #0 - TEXTUAL HOLDINGS--BASIC BIBLIOGRAPHIC UNIT
-- vorheriger und laufender Jahrg. - 2010
942 ## - ADDED ENTRY ELEMENTS (KOHA)
Koha item type Journal
Holdings
Withdrawn status Lost status Damaged status Not for loan Home library Current library Shelving location Date acquired Inventory number Total Checkouts Barcode Date last seen Price effective from Koha item type Serial Enumeration / chronology
        WIIW WIIW Library 08/04/2004 5901   10001339 01/26/2017 01/26/2017 Journal  
        WIIW WIIW Library 07/20/2010 5901   10003902 01/26/2017 01/26/2017 Journal June 2010
The Vienna Instiute for International Economic Studies (wiiw)